000 00633nam a2200277Ia 4500
005 20260324144837.0
008 008 260324s9999 xx 000 0 eng d
020 _a9780429353055
037 _aEBOOK
040 _aCRL
040 _beng
040 _cCRL
041 _2eng
041 _aeng
084 _qCRL
100 _aLucille Whalen
_91220816
245 0 _aReference Services in Archives
260 _bTaylor and Francis
260 _c1986
365 _a
365 _b170
856 _uhttp://www.taylorfrancis.com/books/9780429353055
942 _cEBOOK
999 _c1827943
_d1827943